000 00714cam a22002531 4500
001 sa 67006211
003 DLC
005 20260227112404.0
008 901227s1965 ii d 000 0 gujo
010 _asa 67006211
025 _aPL480:I-Gu-659
035 _a(OCoLC)22902409
040 _aDLC
_cWaU
_dDLC
041 0 _agujeng
042 _apremarc
050 0 0 _aJQ620.G8
_bA45 1965a
110 1 _aGujarat (India).
_bDirectorate of Languages.
245 1 0 _aVahīvaṭī śabdakośa.
260 _c1965.
300 _a2, 2, 157 p.
_c21 cm.
500 _aEnglish and Gujarati; introd. in Gujarati.
650 0 _aPublic administration
_vDictionaries.
650 0 _aEnglish language
_xDictionaries
_xGujarati.
999 _c75768
_d75768